Working across the gap the practice of social science in organizations /

Bibliographic Details
Main Author: Klein, Lisl.
Corporate Author: ProQuest (Firm)
Format: Electronic eBook
Language:English
Published: London ; New York : Karnac, 2005.
Subjects:
Online Access:Click to View
LEADER 01666nam a2200409 a 4500
001 EBC764996
003 MiAaPQ
005 20200520144314.0
006 m o d |
007 cr cn|||||||||
008 060605s2005 enka sb 001 0 eng d
010 |z  2006618239 
020 |z 1855753820 
020 |z 9781855753822 
020 |a 9781849404785 (electronic bk.) 
024 8 |z 60000422477 
035 |a (MiAaPQ)EBC764996 
035 |a (Au-PeEL)EBL764996 
035 |a (CaPaEBR)ebr10495784 
035 |a (CaONFJC)MIL324926 
035 |a (OCoLC)748242062 
040 |a MiAaPQ  |c MiAaPQ  |d MiAaPQ 
050 4 |a HD31  |b .K522 2005 
082 0 4 |a 302.3/5  |2 22 
100 1 |a Klein, Lisl. 
245 1 0 |a Working across the gap  |h [electronic resource] :  |b the practice of social science in organizations /  |c Lisl Klein. 
260 |a London ;  |a New York :  |b Karnac,  |c 2005. 
300 |a xvii, 262 p. :  |b ill. 
504 |a Includes bibliographical references (p. 247-251) and index. 
505 0 |a section 1. Organization research and diagnosis -- section 2. Some activities in the field -- section 3. Bouncing against the context -- Concepts, reflections, methods -- section 5. Relating scientific and professional development. 
533 |a Electronic reproduction. Ann Arbor, MI : ProQuest, 2015. Available via World Wide Web. Access may be limited to ProQuest affiliated libraries. 
650 0 |a Industrial organization. 
650 0 |a Organizational change. 
650 0 |a Social sciences  |x Research. 
655 4 |a Electronic books. 
710 2 |a ProQuest (Firm) 
856 4 0 |u https://ebookcentral.proquest.com/lib/matrademy/detail.action?docID=764996  |z Click to View